| 000 | 00436nam a22001697a 4500 | ||
|---|---|---|---|
| 005 | 20180707140047.0 | ||
| 008 | 160525b xxu||||| |||| 00| 0 eng d | ||
| 020 | _a81-272-2675-0 | ||
| 041 | _aeng | ||
| 082 |
_b4892 _a658.15 |
||
| 100 |
_aGupta, Shashi K & Aggarwal, Nisha _91240 |
||
| 245 | _aFinancial Services | ||
| 260 |
_aNew Delhi _bAcademic Faundation _c2006 |
||
| 300 | _a19.48p, | ||
| 650 |
_aManagement _9241 |
||
| 942 | _cBK | ||
| 999 |
_c1705 _d1704 |
||